000 00829cam a22002531 4500
001 sd 50000052
003 DLC
005 20260227112735.0
008 950110s1949 nyu b 000 0 eng c
010 _asd 50000052
035 _a(OCoLC)31791348
040 _aU.S. Dept. of State. Library
_cIEN
_dDLC
042 _apremarc
050 0 0 _aD410
_b.F65 vol. 25, no. 14
100 1 _aHolmes, Olive.
245 1 0 _aArmy challenge in Latin America.
260 _aNew York,
_bForeign Policy Association,
_c1949.
300 _a[166]-175, [1] p.
_c27 cm.
490 0 _aForeign policy reports,
_vv. 25, no. 14
500 _a"Latin American dictatorships and the U.S.": p. [176]
504 _aBibliographical footnotes.
651 0 _aPeru
_xPolitics and government
_y1829-
651 0 _aVenezuela
_xPolitics and government
_y1935-1958.
999 _c90016
_d90016